000 05864nam a22002417a 4500
999 _c65308
_d65308
005 20240530110818.0
008 190704s2019 ua g b 00| 0 ara d
017 _a8926
_bمصر. دار الكتب
020 _a9789777332477
040 _aEG-CaGPL
_cEG-CaGPL
082 0 4 _221
_a953.078 /
_bإ م
100 0 _aامام الشافعى محمد حمودى
245 1 2 _aالمقاتل المغولى فى التاريخ العسكرى /
_cامام الشافعى محمد حمودى
260 _aالاسكندرية :
_bدار التعليم الجامعى،
_c2019.
300 _a167 ص. ؛
_c24 سم .
504 _aيشتمل على ارجاعات ببليوجرافية
650 0 7 _2qrmak
_aالمغول والتتار
650 0 7 _2qrmak
_aالمغول والتتار
_xتاريخ
650 0 7 _2qrmak
_aالمغول والتتار
_xالعلوم العسكرية
653 0 _aالمقاتل المغولى
942 _2ddc
_cBK